| 000 | 00896cam a2200265 4500 | ||
|---|---|---|---|
| 001 | J2619 | ||
| 008 | 090401t1993 xxu||||| |||| 00| 0 eng d | ||
| 035 | _a(Sirsi) u50087 | ||
| 041 | _aeng | ||
| 050 | _a333.70285 | ||
| 100 | _aSabel, Clive | ||
| 245 | _aDomesday 2000: the Capital & Counties report: a national land information system undertaken by Wolfson College, University of Cambridge. | ||
| 260 |
_aLondon _bCapital and Counties _c1993 |
||
| 300 | _a47,(15) leaves ; 30cm. | ||
| 350 | _a0 | ||
| 650 | _aDOMESDAY 2000 | ||
| 650 | _aNATIONAL LAND INFORMATION SERVICE | ||
| 650 | _aWOLFSON COLLEGE | ||
| 690 | _aMANAGEMENT-BUSINESS MANAGEMENT-INFORMATION MANAGEMENT | ||
| 710 |
_aCapital and Counties _9768 |
||
| 710 |
_aUniversity of Cambridge Wolfson College _9770 |
||
| 710 |
_aUniversity of Cambridge _bDepartment of Land Economy _9201 |
||
| 942 | _n0 | ||
| 948 | _c04/03/1997 | ||
| 999 |
_c92662 _d92662 |
||